| 000 | 01183nam0a22003251 4500 | ||
|---|---|---|---|
| 001 | rc\4486775 | ||
| 005 | 20130416171624.8 | ||
| 021 |
_aRU _b[61-34565] |
||
| 035 | _a(NLR Aleph) 008605788 | ||
| 090 |
_a8732555 _c8732555 |
||
| 100 | _a20130416d1961 |||y0rusy50 ca | ||
| 101 | 1 |
_arus _ceng |
|
| 102 | _aRU | ||
| 105 | _aa z |||a| | ||
| 200 | 1 |
_aСкажи смерти "нет!" _e[Роман] _fПер. с англ. Б. Носика _g[Послесл. Е.Я. Домбровской] _gХудож. Б. Жутовский |
|
| 210 |
_a[Москва] _cМол. гвардия _d1961 |
||
| 215 |
_a406 с. _cил. _d22 |
||
| 300 | _aНа обороте тит. л.: Dymphna Cusack. Say no to death. Melbourne, 1951 | ||
| 517 | 0 | _aSay no to death | |
| 606 |
_aМолодежь в Австралии (х. л.) _2psbo |
||
| 607 |
_aАвстралия _z20 в. (х. л.) _2psbo |
||
| 700 | 1 |
_aКьюсак _bД. _f1902-1981 _gДимфна |
|
| 702 | 1 |
_aДомбровская _bЕ. Я. _4080 |
|
| 702 | 1 |
_aНосик _bБ. _4730 |
|
| 702 | 1 |
_aЖутовский _bБ. _4440 |
|
| 801 | 0 |
_aRU _bNLR _gpsbo |
|
| 801 | 1 |
_aRU _bELAR _2rusmarc |
|
| 852 |
_aNLR _j61-3/2734 |
||
| 942 | _cBOOK | ||
| 980 | _aNB | ||